Guess All Countries + Capitals by Flag - Asia - Statistics

General Stats
  • This quiz has been taken 32 times
  • The average score is 72 of 94
Answer Stats
Hint Countries % Correct
Flag of Bangladesh Bangladesh
94%
China
94%
Flag of Georgia Georgia
94%
Flag of India India
94%
Flag of Iran Iran
94%
Israel
94%
Flag of Japan Japan
94%
Flag of Kazakhstan Kazakhstan
94%
Pakistan
94%
Qatar
94%
Flag of Saudi Arabia Saudi Arabia
94%
Flag of South Korea South Korea
94%
Flag of Bhutan Bhutan
89%
Flag of Cyprus Cyprus
89%
Flag of Iraq Iraq
89%
Singapore
89%
Flag of Sri Lanka Sri Lanka
89%
Turkey
89%
Vietnam
89%
Bahrain
83%
Beijing
83%
Flag of Cambodia Cambodia
83%
Indonesia
83%
Jordan
83%
Kuwait | Kuwait City
83%
Flag of Kyrgyzstan Kyrgyzstan
83%
Flag of Lebanon Lebanon
83%
Malaysia
83%
Flag of Mongolia Mongolia
83%
Flag of Oman Oman
83%
Philippines
83%
Seoul
83%
Tokyo
83%
Yemen
83%
Armenia
78%
Azerbaijan
78%
Laos
78%
Flag of Maldives Maldives
78%
Nepal
78%
New Delhi
78%
North Korea
78%
Syria
78%
Flag of the Republic of China (Taiwan) Taiwan
78%
Tehran
78%
Turkmenistan
78%
United Arab Emirates
78%
Flag of Uzbekistan Uzbekistan
78%
Ankara
72%
Beirut
72%
Flag of Brunei Brunei
72%
Damascus
72%
Dhaka
72%
Abu Dhabi
72%
Kuala Lumpur
72%
Doha
72%
East Timor
72%
Hanoi
72%
Islamabad
72%
Jakarta
72%
Jerusalem
72%
Manila
72%
Muscat
72%
Riyadh
72%
Flag of Tajikistan Tajikistan
72%
Thailand
72%
Astana
67%
Baghdad
67%
Baku
67%
Bangkok
67%
Dili
67%
Phnom Penh
67%
Pyongyang
67%
Malé
67%
Manama
67%
Myanmar
67%
SriJayawardenepura Kotte
67%
Taipei
67%
Tashkent
67%
Ulaanbaatar
67%
Vientiane
67%
Flag of the Taliban Afghanistan
61%
Amman
61%
Bandar SeriBegawan
61%
Bishkek
61%
Ashgabat
61%
Naypyidaw
61%
Dushanbe
61%
Kathmandu
61%
Nicosia
61%
Sana'a
61%
Tbilisi
61%
Thimphu
61%
Yerevan
61%
Kabul
56%
No matching quizzes found
Score Distribution
Percent of People with Each Score
Percentile by Number Answered
Your Score History
You have not taken this quiz